Preaching as Communication / (Record no. 5802)

MARC details
000 -LEADER
fixed length control field 00565nam a22001937a 4500
003 - CONTROL NUMBER IDENTIFIER
control field GBCCL
005 - DATE AND TIME OF LATEST TRANSACTION
control field 20241126110550.0
008 - FIXED-LENGTH DATA ELEMENTS--GENERAL INFORMATION
fixed length control field 180409b ||||| |||| 00| 0 eng d
040 ## - CATALOGING SOURCE
Transcribing agency gbc
082 ## - DEWEY DECIMAL CLASSIFICATION NUMBER
Classification number 251
Item number THA
100 ## - MAIN ENTRY--PERSONAL NAME
Personal name Thangaraj, M. Thomas
9 (RLIN) 10506
245 ## - TITLE STATEMENT
Title Preaching as Communication /
Statement of responsibility, etc. M. Thomas Thangaraj
260 ## - PUBLICATION, DISTRIBUTION, ETC.
Place of publication, distribution, etc. Madurai:
Name of publisher, distributor, etc. Tamil Nadu Theological Seminary,
Date of publication, distribution, etc. 1986
300 ## - PHYSICAL DESCRIPTION
Extent 47 p.;
Dimensions 22 cm.
440 ## - SERIES STATEMENT/ADDED ENTRY--TITLE
Title Bible Study
Volume/sequential designation 4
9 (RLIN) 3980
650 ## - SUBJECT ADDED ENTRY--TOPICAL TERM
Topical term or geographic name entry element Preaching
9 (RLIN) 404
650 ## - SUBJECT ADDED ENTRY--TOPICAL TERM
Topical term or geographic name entry element Communication
Form subdivision Religion aspects
General subdivision Christianity
9 (RLIN) 10507
942 ## - ADDED ENTRY ELEMENTS (KOHA)
Source of classification or shelving scheme Dewey Decimal Classification
Koha item type Books
Holdings
Withdrawn status Lost status Source of classification or shelving scheme Damaged status Not for loan Home library Current Library Shelving location Date acquired Total checkouts Full call number Barcode Date last seen Copy number Price effective from Koha item type
    Dewey Decimal Classification     GRACE BIBLE COLLEGE GRACE BIBLE COLLEGE Ministry & Mission 2018-04-09   251 THA 005300 2025-05-01 c.1 2018-04-09 Books
© Grace Bible College Library 2025